Statistiques concernant Villes aléatoires sur une carte par lettre - B

Cliquez ici pour prendre le quiz!

Statistiques générales

  • Ce quiz a été pris 961 fois
  • Le résultat moyen est 7 sur 10

Réponses sur la Carte

Les réponses sont colorées sur une échelle allant du rouge au vert en fonction du pourcentage des utilisateurs qui les ont devinées à leur premier essai. Vous pouvez retrouver ces pourcentages ci-dessous.
 

Statistiques - réponses

Ville% Correct
Barcelone
95%
Bruxelles
93%
Brasilia
91%
Berlin
90%
Boston
84%
Buenos Aires
81%
Bucarest
78%
Bogotá
76%
Budapest
74%
Bamako
72%
Birmingham
71%
Beyrouth
70%
Bagdad
63%
Bangkok
61%
Belgrade
59%
Brazzaville
56%
Brisbane
48%
Bakou
47%
Bergen
38%
Baltimore
35%
Bloemfontein
33%
Belem
32%
Bangalore
30%
Belo Horizonte
27%
Barranquilla
19%

Distribution des résultats

Percentile par nombre de réponses

% des personnes avec chaque résultat

Votre développement - résultats

Vous n’avez pas pris ce quiz